000 00722nam a2200241 i 4500
001 bg
100 1 _aGOŁĘBIOWSKI, Tomasz
245 1 0 _aZarządzanie strategiczne :
_bplanowanie i kontrola /
_cTomasz Gołębiowski.
260 _aWarszawa :
_b"Difin",
_c2001.
300 _a443 s. ;
_c24 cm.
504 _aBibliogr.
650 9 _aZarządzanie strategiczne
650 9 _aPrzedsiębiorstwo
_xzarządzanie
655 _aPodręczniki akademickie
020 _a8372511519
040 _cBPK
041 0 _apl
080 _a658.1/.5.012(075.8)
920 _a83-7251-151-9
942 _cKS
008 s pl f |000 0 pol
999 _c41566
_d41566
856 _uhttp://koha.tu.koszalin.pl/cgi-bin/koha/opac-detail.pl?biblionumber=41566
_yKatalog online BPK